| 000 | 00700cam a2200217 a 4500 | ||
|---|---|---|---|
| 001 | 2928698 | ||
| 005 | 20180123042530.0 | ||
| 008 | 890823s1989 gau 000 0 eng | ||
| 010 | _a 89063037 | ||
| 040 |
_aDLC _cDLC _dDLC |
||
| 041 | _aeng | ||
| 043 | _an-us--- | ||
| 080 | _a340.068 erz | ||
| 082 | 0 | 0 |
_a340.068 erz _220 |
| 100 | 1 | _a63 | |
| 101 | _aman | ||
| 245 | 1 | 0 |
_aWorking smarter : _cEzra Tom Clark, Jr. |
| 906 |
_a7 _bcbc _corignew _d2 _eopcn _f19 _gy-gencatlg |
||
| 942 |
_2ddc _cBK |
||
| 999 |
_c40740 _d40740 |
||